Twenty One Pilots - Christmas Saves The Year (Lyrics) - Statistics

General Stats
  • This quiz has been taken 6 times
  • The average score is 151 of 223
Answer Stats
Answer % Correct
a
100%
and
100%
fall
100%
falls
100%
on
100%
Snow
100%
that
100%
the
100%
this
100%
you
100%
christmas
80%
got
80%
ho
80%
if
80%
in
80%
it
80%
one
80%
one's
80%
saves
80%
sky
80%
so
80%
to
80%
year
80%
are
60%
assured
60%
boxes
60%
bum
60%
but
60%
'cause
60%
cheap
60%
cheer
60%
come
60%
décor
60%
down
60%
everybody
60%
everybody's
60%
flavored
60%
from
60%
gray
60%
home
60%
is
60%
make
60%
marked
60%
much
60%
name
60%
needs
60%
of
60%
old
60%
rest
60%
shelf
60%
somebody
60%
their
60%
through
60%
wants
60%
who's
60%
with
60%
years
60%
'92
40%
ashes
40%
crumbling
40%
days
40%
even
40%
frozen
40%
grander
40%
past
40%
photo
40%
sea
40%
seemed
40%
week
40%
world
40%
yeah
40%
dust
20%
off
20%
plans
20%
thrown
20%
wayside
20%
No matching quizzes found
Score Distribution
Percent of People with Each Score
Percentile by Number Answered
Your Score History
You have not taken this quiz